Tactics for TOEIC Speaking and writing tests. Key and Tapescripts
Đã lưu trong:
| Tác giả chính: | |
|---|---|
| Định dạng: | Sách |
| Ngôn ngữ: | English |
| Được phát hành: |
Oxford
Oxford University Press
2006
|
| Những chủ đề: | |
| Các nhãn: |
Thêm thẻ
Không có thẻ, Là người đầu tiên thẻ bản ghi này!
|
| Thư viện lưu trữ: | Trung tâm Học liệu Lê Vũ Hùng, Trường Đại học Đồng Tháp |
|---|
| LEADER | 00728pam a22002418a 4500 | ||
|---|---|---|---|
| 001 | 00045378 | ||
| 005 | 20200304100358.0 | ||
| 008 | 130107s2006 ||||||engsd | ||
| 020 | # | # | |a 9780194529600 |c 0 |
| 041 | 0 | # | |a eng |
| 082 | 1 | 4 | |a 428 |b T101F |
| 100 | 1 | # | |a Trew, Grant |
| 245 | 1 | 0 | |a Tactics for TOEIC |b Speaking and writing tests. Key and Tapescripts |c Grant Trew |
| 260 | # | # | |b Oxford University Press |c 2006 |a Oxford |
| 300 | # | # | |a 47 p. |b ill. |c 28 cm |
| 653 | # | # | |a Kỹ năng nói |
| 653 | # | # | |a Kỹ năng viết |
| 653 | # | # | |a TOEIC |
| 653 | # | # | |a Tiếng Anh |
| 653 | # | # | |a Đáp án |
| 852 | # | # | |j KD.0026672 |
| 910 | # | # | |d 4/3/2020 |
| 980 | # | # | |a Trung tâm Học liệu Lê Vũ Hùng, Trường Đại học Đồng Tháp |


